000 00326nam a2200133 i 4500
001 bg
245 0 0 _aMeżdunarodnaja konferencija po nelinejnym kolebanijam.
_nT.1.
260 _aKiew :
_bNaukowa Dumka,
_c1984.
040 _cBPK
041 _apol
080 _a517
942 _cKS
008 s pl f |000 0 pol
999 _c28087
_d28087
856 _uhttp://koha.tu.koszalin.pl/cgi-bin/koha/opac-detail.pl?biblionumber=28087
_yKatalog online BPK